Регионална библиотека "Любен Каравелов" - Русе

Събрани съчинения (Запис номер 197110)

MARC детайли
000 -Лидер
Контролно поле с фиксирана дължина 01567nam a2200349 c 4500
003 - Код на организацията, давaща контролен номер
Контролно поле BLK
005 - Дата и час на последна редакция
Контролно поле 20210830144010.0
008 - Елементи от данни с фиксирана дължина
fixed length control field 180411b bul|||||r ||||||| ||bul||
010 ## - Наследен системен номер
LC control number KNG00206386000
020 ## - Международен стандартен номер на книга ISBN
Международен стандартен номер на книга ISBN 9786191642335
040 ## - Източник на каталожния запис
Идентификатор на билиотеката - собственик на записа BLK
041 ## - Код за език
Код за езика на текст/звукозапис или на отделно заглавие Български
Код за езика КДБФ Български
072 #7 - Код за тематичната категория
Код организация bullib
Код за тематична категория Н84
Текст Българска художествена литература Н
080 ## - УДК
Текстов определител УДК Българска литература
УДК код - определител по УДК 821.163.2
УДК определител (081.1)
УДК - код + определител 821.163.2(081.1)
080 ## - УДК
Текстов определител УДК Българска литература
УДК код - определител по УДК 821.163.2
УДК определител -312.9
УДК - код + определител 821.163.2-312.9
100 1# - Редна дума - Автор
Автор Дилов, Любен
Авторска отговорност първи автор
Автор - информация (биография) Иванов, Любен Дилов
R(LIN) 363486
139 ## - Редно поле
Редна дума Дилов, Любен
Авторски знак Дил - Д 55
245 10 - Сведения за заглавието
Заглавие Събрани съчинения
Подзаглавни данни Т. 1 -
Редно поле (дума) Любен Дилов; * Любен Иванов Любенов.
Том Т. 3
Заглавие на том Тежестта на скафандъра
257 ## - Страна на издаване
Страна на създаване/издаване България
260 ## - Област на издателските данни
Година на издаване 2016 -
300 ## - Физическа характеристика
Размери/Мащаб 21 см
380 ## - Жанр
Жанр Худож. лит.
505 ## - Форматирана забележка
Заглавие Да избереш себе си
659 ## - Тематичен бюлетин
Тематичен бюлетин Н
700 1# - Други автори (авторска отговорност)
Лично име Любенов, Любен Иванов
Автороска отговорност (Описва отношението между автора и произведението) *
9 (RLIN) 371102
760 1# - Описание на основната серия
Редна дума на основното описание Дилов, Любен
Място на издаване, издател и година Enthusiast, 2016
Страници - том 480 с.
Забележка - том Биогр. данни за авт. отбелязани на гърба на кор.
Заглавие Т. 3 Тежестта на скафандъра
852 ## - Местоположение
Форматна сигнатура Цб 285544
856 4# - Електронен адрес и достъп
Електронен формат pdf - файл
856 4# - Електронен адрес и достъп
Електронен формат pdf - файл
999 ## - СИСТЕМНИ КОНТРОЛНИ НОМЕРА
Koha biblionumber 197110
Koha biblioitemnumber 197110
942 ## - АРТИКУЛИ
Вид на библиотечния материал Книги
Скрит в OPAC Не
Периодичен библиозапис Да
Koha issues (borrowed), all copies 1
944 ## - СЪЗДАВАНЕ И РЕДАКЦИЯ на ЗАПИСА
Създаване/Редакция Създаване
Дата на регистрацията/редакция 17.05.2017
Служител, извършил регистрацията/редакцията Виолета_Тройчева
944 ## - СЪЗДАВАНЕ И РЕДАКЦИЯ на ЗАПИСА
Създаване/Редакция Редакция
Дата на регистрацията/редакция 18.05.2017
Служител, извършил регистрацията/редакцията Симона_Петрова
999 ## - СИСТЕМНИ КОНТРОЛНИ НОМЕРА
Koha biblioitemnumber 197110
Наличности
Код за отписване Код за изгубен артикул Код за повреда Коз за рестрикции Код за отдаване Артикулен № Име на библиотеката - собственик Име на библиотеката, в която се намира в момента Статус (Текущо местоположение) Дата на вписване в системата Местоположение - отдел Цена в лева Инвентарен номер Систематично азбучна сигнатура Баркод Номер на екземпляра Цена в евро Служебна бележка Служебен тип на артикула Източник на класификационната схема
  Не е изгубен Не е повреден без рестрикции ползва се в читалня 343426 Регионална библиотека "Любен Каравелов" Русе Регионална библиотека "Любен Каравелов" Русе Хранилище 2017-05-18 Хранилище 20.00 120000811045 Цб 285544 120000811045 1 10.23 Дост: Dp Вид: Д N: 15 Дата: 21.03.2017 Книги  
  Не е изгубен Не е повреден   заемане за дома 799219 Регионална библиотека "Любен Каравелов" Русе Регионална библиотека "Любен Каравелов" Русе Заемна - подръчен фонд 2020-09-16 Заемна - подръчен фонд 14.60   821.163.2(081) 120000846503   7.46   Книги Universal Decimal Classification
  Не е изгубен Не е повреден   заемане за дома 799220 Регионална библиотека "Любен Каравелов" Русе Регионална библиотека "Любен Каравелов" Русе Дубликат 2020-09-16 Заемна - подръчен фонд 14.60   821.163.2(081) 120000846504   7.46   Книги Universal Decimal Classification
Vip Innovations Ltd, Rousse, Bulgaria 2025